000 00862nam a2200229Ii 4500
003 JO-AjNU
008 230605s9999||||xx |||||||||||||| ||und||
017 _a2010/5043
020 _a978-977-379-068-4
040 _aJO-AjNU
_bara
_erda
_cJO-AjNU
041 _aara
050 1 4 _aBP1049.I33 2011
100 3 _aعيد، عادل عبد الفضيل,
_eauthor
_934387
245 0 0 _aالإحتياط ضد مخاطر الإستثمار في المصارف الإسلامية دراسة مقارنة
250 _aط1
264 3 1 _aالاسكندرية: دار الفكر الجامعي، 2011
300 _a850ص
_bالفهارس العامة ص 773-850
336 _atext
_btxt
_2rdacontent
337 _aunmediated
_bn
_2rdamedia
338 _avolume
_bnc
_2rdacarrier
650 4 _aالبنوك الاسلامية- الاسلام والاستثمار
_934388
999 _aA14095
_c17663
_d17663